Star Wars Planets in the Thrawn Trilogy(canon) - Statistics

General Stats
  • This quiz has been taken 12 times
  • The average score is 5 of 10
Answer Stats
Hint Answer % Correct
Homeplanet of Arihnda Pryce Lothal
100%
Where rebels hide on Scrim island Batonn
50%
Where Thrawn and Vader are sent on a mission by the Emperor Batuu
50%
Where Thrawn meets the Emperor for the first time Coruscant
50%
Where the spice affair took place Cyphar
50%
Where Thrawn and Vader have to rearout, becouse of hyperspace trouble Mokivj
50%
Where Thrawn fights with vilture droids Umbara
50%
Where Ronan and Eli Vanto go to find proof of smugglong turbolasers parts Aloxor
25%
Where Thrawn interrogates Angel's crew Ansion
25%
Where governor Quesl tried to steal valuable art Botajef
0%
No matching quizzes found
Score Distribution
Percent of People with Each Score
Percentile by Number Answered
Your Score History
You have not taken this quiz